000 00471nam a2200193Ia 4500
008 101110s9999 xx 000 0 und d
041 _aENGLISH
082 _bJR2477
100 _aMisra C.K.
245 _aTeachers Guide in Banking Vol.II
365 _b7.6
520 _aCommerce
546 _aENGLISH
630 _aTeachers Guide in Banking Vol.II
650 _aCommerce
655 _aCommerce
730 _aTeachers Guide in Banking Vol.II
942 _cBOOK
999 _c794247
_d794244